Számítógép a fizikaórán

Elmentve itt :
Bibliográfiai részletek
Szerző: Berecz János
További közreműködők: Blázsik Zoltán (Témavezető)
Dokumentumtípus: Szakdolgozat
Megjelent: 1999
Tárgyszavak:
Online Access:http://diploma.bibl.u-szeged.hu/1713
LEADER 00770nta a2200181 i 4500
001 dipl1713
005 20130314070650.0
008 110401s1999 hu om 0|| hun d
040 |a SZTE Diploma Repozitórium  |b hun 
041 |a hun 
100 1 |a Berecz János 
245 1 0 |a Számítógép a fizikaórán  |h [elektronikus dokumentum] /  |c János Berecz 
260 |c 1999 
650 4 |a Informatika 
700 1 |a Blázsik Zoltán  |e ths 
856 4 0 |u http://diploma.bibl.u-szeged.hu/id/eprint/1713/1/1999_berecz_janos_1999_4.pdf  |z Dokumentum-elérés  
856 4 0 |u http://diploma.bibl.u-szeged.hu/id/eprint/1713/2/1999_berecz_janos_1999_4_mellekelt.tgz  |z Dokumentum-elérés  
856 4 0 |u http://diploma.bibl.u-szeged.hu/id/eprint/1713/3/1999_berecz_janos_1999_4_biralat.pdf  |z Dokumentum-elérés